Handbook of human resource management in government / (Record no. 10276)
[ view plain ]
| 000 -LEADER | |
|---|---|
| fixed length control field | 01432cam a22003374a 4500 |
| 090 ## - LOCALLY ASSIGNED LC-TYPE CALL NUMBER (OCLC); LOCAL CALL NUMBER (OCLC) | |
| -- | 10276 |
| 001 - CONTROL NUMBER | |
| control field | 13716790 |
| 005 - DATE AND TIME OF LATEST TRANSACTION | |
| control field | 20201124142256.0 |
| 008 - FIXED-LENGTH DATA ELEMENTS--GENERAL INFORMATION | |
| fixed length control field | 040911s2005 caua bf 001 0 eng |
| 010 ## - LIBRARY OF CONGRESS CONTROL NUMBER | |
| LC control number | 2004021341 |
| 020 ## - INTERNATIONAL STANDARD BOOK NUMBER | |
| International Standard Book Number | 0787972584 (alk. paper) |
| 040 ## - CATALOGING SOURCE | |
| Original cataloging agency | DLC |
| Transcribing agency | DLC |
| Modifying agency | DLC |
| 042 ## - AUTHENTICATION CODE | |
| Authentication code | pcc |
| 043 ## - GEOGRAPHIC AREA CODE | |
| Geographic area code | n-us--- |
| 050 00 - LIBRARY OF CONGRESS CALL NUMBER | |
| Classification number | JK765 |
| Item number | .H33 2005 |
| 082 00 - DEWEY DECIMAL CLASSIFICATION NUMBER | |
| Classification number | 352.60973 |
| Edition number | 22 |
| Item number | CON |
| 245 00 - TITLE STATEMENT | |
| Title | Handbook of human resource management in government / |
| Statement of responsibility, etc | Stephen E. Condrey, editor ; consulting editor, James L. Perry. |
| 250 ## - EDITION STATEMENT | |
| Edition statement | 2nd ed. |
| 260 ## - PUBLICATION, DISTRIBUTION, ETC. (IMPRINT) | |
| Place of publication, distribution, etc | San Francisco, CA : |
| Name of publisher, distributor, etc | Jossey-Bass, |
| Date of publication, distribution, etc | c2005. |
| 260 ## - PUBLICATION, DISTRIBUTION, ETC. (IMPRINT) | |
| Name of publisher, distributor, etc | Jossey-Bass,Distributer: Baccah |
| 300 ## - PHYSICAL DESCRIPTION | |
| Extent | xxxi, 806 p. : |
| Other physical details | ill. ; |
| Dimensions | 25 cm. |
| 504 ## - BIBLIOGRAPHY, ETC. NOTE | |
| Bibliography, etc | Includes bibliographical references and indexes. |
| 650 #0 - SUBJECT ADDED ENTRY--TOPICAL TERM | |
| Topical term or geographic name as entry element | Civil service |
| Geographic subdivision | United States |
| General subdivision | Personnel management |
| Form subdivision | Handbooks, manuals, etc. |
| 700 1# - ADDED ENTRY--PERSONAL NAME | |
| Personal name | Perry, James L. |
| 856 41 - ELECTRONIC LOCATION AND ACCESS | |
| Materials specified | Table of contents only |
| Uniform Resource Identifier | <a href="http://www.loc.gov/catdir/toc/ecip0422/2004021341.html">http://www.loc.gov/catdir/toc/ecip0422/2004021341.html</a> |
| 856 42 - ELECTRONIC LOCATION AND ACCESS | |
| Materials specified | Contributor biographical information |
| Uniform Resource Identifier | <a href="http://www.loc.gov/catdir/enhancements/fy0616/2004021341-b.html">http://www.loc.gov/catdir/enhancements/fy0616/2004021341-b.html</a> |
| 856 42 - ELECTRONIC LOCATION AND ACCESS | |
| Materials specified | Publisher description |
| Uniform Resource Identifier | <a href="http://www.loc.gov/catdir/enhancements/fy0616/2004021341-d.html">http://www.loc.gov/catdir/enhancements/fy0616/2004021341-d.html</a> |
| 906 ## - LOCAL DATA ELEMENT F, LDF (RLIN) | |
| a | 7 |
| b | cbc |
| c | orignew |
| d | 1 |
| e | ecip |
| f | 20 |
| g | y-gencatlg |
| 942 ## - ADDED ENTRY ELEMENTS (KOHA) | |
| Source of classification or shelving scheme | Dewey Decimal Classification |
| Item type | NB - Book (Non borrowing) |
| Withdrawn status | Item status | Source of classification or shelving scheme | Damaged status | Not for loan | Home library | Current library | Shelving location | Date acquired | Source of acquisition | Total Checkouts | Full call number | Barcode | Date last seen | Date last borrowed | Koha item type | Materials specified (bound volume or other part) | Total Renewals |
|---|---|---|---|---|---|---|---|---|---|---|---|---|---|---|---|---|---|
| Dewey Decimal Classification | Central Library | Central Library | First floor | 09/11/2008 | Purchase | 3 | 352.60973 CON | 000013610 | 15/07/2025 | 23/12/2010 | NB - Book (Non borrowing) | ||||||
| Lost | Dewey Decimal Classification | Central Library | Central Library | First floor | 09/11/2008 | Purchase | 6 | 352.60973 CON | 000013635 | 20/12/2010 | 02/12/2010 | Book - Borrowing | Lost In Inventory_2015-8-23 | 27 | |||
| Dewey Decimal Classification | Central Library | Central Library | First floor | 09/11/2008 | Purchase | 1 | 352.60973 CON | 000013633 | 15/07/2025 | 08/07/2009 | Book - Borrowing |